| 000 | 01134nam a22002411a 4500 | ||
|---|---|---|---|
| 999 |
_c17942 _d17942 |
||
| 001 | 17942 | ||
| 003 | OSt | ||
| 005 | 20260204212342.0 | ||
| 008 | 170118s2015||||dr ||||||b||||||||||spa|| | ||
| 090 | _aAGR 2015 A31 | ||
| 100 | 1 |
_aAdames Reyes, Abel _esustentante |
|
| 245 | 1 | _aProductividad de dos variedades de maíz (zea maíz L) a dos fuentes de fertilizantes orgánicos en suelo con alto contenido de arena / Abel Adames Reyes, Iván de jesús Herrera y Francisco Vásquez Vásquez ; asesor Jaime Arismendi Acosta Padilla, Mg. | |
| 260 |
_aCotuí, República Dominicana : _bUTECO, _c2015 |
||
| 300 | _a39 p. | ||
| 502 | _aTrabajo de grado (Licenciatura en Agronomía )--Universidad Tecnológica del Cibao Oriental, 2015. | ||
| 504 | _aincluye referencia bibliográfica e índice | ||
| 650 | 4 | _aProductividad de dos variedades de maíz | |
| 700 | 1 |
_aHerrera, Iván de jesús _esustentante |
|
| 700 | 1 |
_aVásquez Vásquez, Francisco _esustentante |
|
| 700 | 1 |
_aAcosta Padilla, Jaime Arismendi _easesor |
|
| 830 | _aTesis y disertaciones académicas (Universidad Tecnológica del Cibao Oriental) | ||
| 942 |
_2LC _cTH |
||